मलंग की छाया में/ (Record no. 163569)

MARC details
000 -LEADER
fixed length control field 00798nam a22001697a 4500
010 ## - LCCN (DPL NO)
LC control number HN1502 HIN-127745
020 ## - INTERNATIONAL STANDARD BOOK NUMBER
International Standard Book Number 9789384722562
Terms of availability 100.00
035 ## - SYSTEM CONTROL NUMBER
System control number HN-100091
037 ## - SOURCE OF ACQUISITION
Source of stock number/acquisition समीक्षा प्रकाशन
082 ## - DEWEY DECIMAL CLASSIFICATION NUMBER
Classification number
100 ## - MAIN ENTRY--PERSONAL NAME
Personal name 'रुद्राक्ष', ब्रजनन्दन सिंह
245 ## - TITLE STATEMENT
Title मलंग की छाया में/
Statement of responsibility, etc ब्रजनन्दन सिंह 'रुद्राक्ष'
260 ## - PUBLICATION, DISTRIBUTION, ETC. (IMPRINT)
Place of publication, distribution, etc दिल्ली
Name of publisher, distributor, etc समीक्षा प्रकाशन
Date of publication, distribution, etc 2015
270 ## - ADDRESS
Address आर-27,रीता ब्लॉक विकास मार्ग,शकरपुर,
City दिल्ली
Postal code 110092
300 ## - PHYSICAL DESCRIPTION
Extent 87पृ.
Dimensions 22सेमी(सजिल्द)
942 ## - ADDED ENTRY ELEMENTS (KOHA)
Source of classification or shelving scheme Dewey Decimal Classification
Item type Hindi Books
Classification part
Call number suffix ब्रजन
Holdings
Withdrawn status Lost status Not for loan Collection code Home library Current library Date acquired Source of acquisition Cost, normal purchase price Full call number Barcode Copy number Cost, replacement price Koha item type
      Fiction Ashok Vihar Ashok Vihar 29/05/2024 DBAD 100.00 उ ब्रजन HN-100091 1 100.00 Hindi Books

© Delhi Public Library
Hit Counter
free hit counter